| 000 | 01055cam a22002531 4500 | ||
|---|---|---|---|
| 001 | war09000041 | ||
| 003 | DLC | ||
| 005 | 20260227112809.0 | ||
| 007 | cr_||||||||||| | ||
| 008 | 770321s1908 dcu f000 0 eng c | ||
| 010 | _awar09000041 | ||
| 035 | _a(OCoLC)2822570 | ||
| 040 |
_aLibrary, Military Information Division _cODa _dOCoLC _dDLC |
||
| 042 | _apremarc | ||
| 050 | 0 | 0 |
_aUB243 _b.A5 1908 |
| 110 | 1 |
_aUnited States. _bWar Department. _bInspector General's Office. |
|
| 245 | 1 | 2 |
_aA guide for the use of officers of the Inspector-General's Department, 1908. _cPrepared under direction of the Inspector-General of the Army. Published by authority of the Secretary of War. (Revised to include August 31, 1908) |
| 260 |
_aWashington, _bGovt. Print. Off., _c1908. |
||
| 300 |
_a289 p. _c20 cm. |
||
| 500 | _aOn verso of t.p.: War Dept., Document no. 333. | ||
| 530 | _aAlso available in digital form on the Internet Archive Web site. | ||
| 610 | 1 | 0 |
_aUnited States. _bArmy _xInspection. |
| 856 | 4 | 1 | _uhttp://hdl.loc.gov/loc.gdc/scd0001.00115211882 |
| 999 |
_c92131 _d92131 |
||